| 000 | 00680nam a2200193Ia 4500 | ||
|---|---|---|---|
| 008 | 151121s9999||||xx |||||||||||||| ||und|| | ||
| 082 | _aबा। वि। | ||
| 082 | _bHNW-73095 | ||
| 100 | _aतांदळे ज्ञानेश्वर | ||
| 245 | _aकाळजीमुक्त जीवन | ||
| 260 | _b"साक्षात्कार, पुणे।" | ||
| 260 | _c-- | ||
| 300 | _a88 | ||
| 600 | _aतांदळे ज्ञानेश्वर | ||
| 630 | _aकाळजीमुक्त जीवन | ||
| 700 | _aतांदळे ज्ञानेश्वर | ||
| 730 | _aकाळजीमुक्त जीवन | ||
| 942 | _cBOOK | ||
| 999 |
_c1254553 _d1254550 |
||